[Event "BL 1112 SC Eppingen - SG Turm Trier"]
[Site "?"]
[Date "2012.04.15"]
[Round "15.7"]
[White "Jaracz, Pawel"]
[Black "Dekan, Hans"]
[Result "1-0"]
[WhiteElo "2558"]
[BlackElo "2164"]
[PlyCount "127"]
[EventDate "2012.??.??"]

1. e4 c5 2. Nf3 Nc6 3. d4 cxd4 4. Nxd4 e5 5. Nb5 d6 6. c4 a6 7. N5c3 Nf6 8. Bd3
Be7 9. O-O O-O 10. Na3 Be6 11. Nc2 Rc8 12. b3 Qc7 13. Bb2 Qa5 14. a3 Qc7 15. b4
Nd7 16. Ne3 Nb6 17. Ncd5 Qd8 18. Nxe7+ Nxe7 19. Rc1 Ng6 20. g3 Qg5 21. Kh1 Bh3
22. Rg1 Be6 23. Qe2 Na4 24. Ba1 h5 25. Nf5 Rfd8 26. h3 b5 27. f4 Qf6 28. cxb5
axb5 29. Rxc8 Bxc8 30. Qxh5 Bb7 31. Qg5 Qxg5 32. fxg5 Nb6 33. Re1 Nc4 34. a4
Nb6 35. Bxb5 d5 36. a5 Nc8 37. a6 Ba8 38. Rd1 d4 39. Bd3 Nge7 40. Nxe7+ Nxe7
41. b5 Nc8 42. Rb1 Nb6 43. Rc1 f5 44. gxf6 gxf6 45. g4 Kf7 46. Kh2 Na4 47. Rc4
Nb6 48. Rc7+ Rd7 49. Rc2 Ke7 50. Bb2 Kd8 51. Ba3 Na4 52. Bb4 Nb6 53. Ba5 Rd6
54. h4 Kd7 55. h5 Re6 56. Kg3 Rd6 57. Kh4 Re6 58. g5 f5 59. exf5 Rd6 60. h6 e4
61. h7 exd3 62. Rf2 Nc4 63. h8=Q Nxa5 64. Qxa8 1-0

[Event "BL 1112 SC Eppingen - SG Turm Trier"]
[Site "?"]
[Date "2012.04.15"]
[Round "15.8"]
[White "Frey, Alisa"]
[Black "Seger, Ruediger"]
[Result "0-1"]
[WhiteElo "2104"]
[BlackElo "2390"]
[PlyCount "90"]
[EventDate "2012.??.??"]

1. e4 c6 2. d4 d5 3. Nc3 dxe4 4. Nxe4 Nf6 5. Nxf6+ exf6 6. c3 Bd6 7. Bd3 O-O 8.
Ne2 Re8 9. O-O Qc7 10. h3 Be6 11. Qc2 g6 12. c4 Na6 13. a3 Rad8 14. Be3 Qc8 15.
Qd2 Bf5 16. Rad1 Nc7 17. Rfe1 a6 18. Bf4 Bxd3 19. Bxd6 Bxc4 20. Bxc7 Qxc7 21.
Nc3 Re6 22. Ne4 Qe7 23. Nc5 Rxd4 24. Qxd4 Rxe1+ 25. Rxe1 Qxe1+ 26. Kh2 Qe5+ 27.
Qxe5 fxe5 28. Nd7 Be6 29. Nxe5 Kf8 30. Kg3 Ke7 31. Kf4 Kd6 32. Nf3 Kc5 33. Ke3
Bd5 34. Ng5 h6 35. Ne4+ Bxe4 36. Kxe4 Kc4 37. Ke5 Kb3 38. Kf6 Kxb2 39. Kxf7 c5
40. Kxg6 c4 41. f4 c3 42. f5 c2 43. f6 c1=Q 44. f7 Qg5+ 45. Kh7 Qf6 0-1

[Event "BL 1112 SV Hockenheim - OSG Baden Baden"]
[Site "?"]
[Date "2012.04.15"]
[Round "15.6"]
[White "Rau, Hannes"]
[Black "Nielsen, Peter-Heine"]
[Result "0-1"]
[WhiteElo "2464"]
[BlackElo "2687"]
[PlyCount "110"]
[EventDate "2012.??.??"]

1. d4 Nf6 2. c4 e6 3. Nc3 Bb4 4. Qc2 O-O 5. a3 Bxc3+ 6. Qxc3 d6 7. Bg5 Nbd7 8.
e3 b6 9. Bd3 c5 10. Ne2 Ba6 11. Qc2 h6 12. Bh4 cxd4 13. exd4 Rc8 14. Qa4 Nb8
15. Rd1 d5 16. Bxf6 Qxf6 17. cxd5 Bxd3 18. Rxd3 Qg6 19. Rg3 Qe4 20. Qd1 Qxd5
21. O-O Nc6 22. Qd2 Ne7 23. Nc3 Qh5 24. Qd3 Rfd8 25. Qa6 Rc7 26. Nb5 Rcd7 27.
Rc3 Qe2 28. Qa4 Nd5 29. Rc2 Qd3 30. Qc4 Qg6 31. Rd2 Qg5 32. Rfd1 e5 33. g3 e4
34. h4 Qg6 35. Re2 e3 36. Kh2 exf2 37. Nc3 Qg4 38. Rf1 Rc7 39. Qd3 Nxc3 40.
bxc3 Rxc3 41. Qxc3 Qxe2 42. Kg2 Qe4+ 43. Kxf2 Qxd4+ 44. Qxd4 Rxd4 45. Ke2 h5
46. Rc1 Ra4 47. Rc3 f6 48. Kf3 Kh7 49. Kf2 Kg6 50. Rf3 b5 51. Rb3 a6 52. Rf3
Rc4 53. Rd3 Kf5 54. Kf3 Ke5 55. Ke3 a5 0-1

[Event "BL 1112 SV Hockenheim - OSG Baden Baden"]
[Site "?"]
[Date "2012.04.15"]
[Round "15.7"]
[White "Kasimdzhanov, Rustam"]
[Black "Postojev, Alexander"]
[Result "1-0"]
[WhiteElo "2678"]
[BlackElo "2330"]
[PlyCount "63"]
[EventDate "2012.??.??"]

1. d4 Nf6 2. c4 e6 3. Nf3 b6 4. g3 Ba6 5. b3 Bb4+ 6. Bd2 Be7 7. Bg2 c6 8. O-O
O-O 9. Qc2 d5 10. Rd1 Nbd7 11. Bf4 Rc8 12. Nc3 b5 13. c5 b4 14. Na4 Ne4 15. a3
bxa3 16. Rxa3 Bb5 17. Ne5 f5 18. Nc3 Nxc3 19. Qxc3 a6 20. Nd3 Re8 21. Rda1 g5
22. Bd6 Nf6 23. Bxe7 Qxe7 24. Ne5 Nd7 25. Nc4 dxc4 26. bxc4 Rc7 27. cxb5 axb5
28. Ra6 Rec8 29. e4 e5 30. exf5 exd4 31. Qxd4 Nxc5 32. Rxc6 1-0

[Event "BL 1112 SV Hockenheim - OSG Baden Baden"]
[Site "?"]
[Date "2012.04.15"]
[Round "15.8"]
[White "Kuci, Blerim"]
[Black "Schlosser, Philipp"]
[Result "0-1"]
[WhiteElo "2210"]
[BlackElo "2591"]
[PlyCount "82"]
[EventDate "2012.??.??"]

1. e4 c5 2. Nf3 Nc6 3. d3 g6 4. g3 Bg7 5. Bg2 e5 6. O-O Nge7 7. c3 O-O 8. Nh4
d5 9. f4 exf4 10. gxf4 dxe4 11. dxe4 Qxd1 12. Rxd1 Bg4 13. Re1 Rad8 14. Be3 b6
15. Nd2 f5 16. h3 Bh5 17. Ndf3 h6 18. exf5 Nxf5 19. Nxf5 Rxf5 20. Nh4 Rf6 21.
c4 Nb4 22. b3 Nc2 23. Bd5+ Rxd5 24. cxd5 Nxa1 25. Rxa1 Rd6 26. Rf1 Rxd5 27. f5
g5 28. f6 Bf8 29. Ng2 Kf7 30. h4 Bd6 31. hxg5 hxg5 32. Bc1 Be2 33. Ne3 Rd4 34.
Rf2 Bd3 35. Bb2 Re4 36. Ng2 c4 37. Rd2 Bb4 38. Rd1 Re2 39. Bd4 Be4 40. Ne3 c3
41. a3 c2 0-1

[Event "BL 1112 Werder Bremen - USV TU Dresden"]
[Site "?"]
[Date "2012.04.15"]
[Round "15.3"]
[White "Gajewski, Grzegorz"]
[Black "Nyback, Tomi"]
[Result "1-0"]
[WhiteElo "2607"]
[BlackElo "2627"]
[PlyCount "57"]
[EventDate "2012.??.??"]

1. d4 Nf6 2. c4 g6 3. Nc3 d5 4. Bg5 Ne4 5. h4 Bg7 6. e3 c5 7. cxd5 Nxc3 8. bxc3
cxd4 9. exd4 Qxd5 10. Nf3 Nc6 11. Be2 O-O 12. O-O Bf5 13. Qb3 Qd7 14. Rfe1 Be6
15. Qa3 h6 16. Be3 Qc7 17. Rad1 Bg4 18. Qc1 h5 19. Bf4 Qb6 20. d5 Na5 21. Be5
Rad8 22. Bxg7 Kxg7 23. c4 Qc5 24. Qc3+ Kg8 25. Ne5 Bxe2 26. Rxe2 e6 27. Red2
exd5 28. Rxd5 Qc7 29. Nd7 1-0

[Event "BL 1112 Werder Bremen - USV TU Dresden"]
[Site "?"]
[Date "2012.04.15"]
[Round "15.4"]
[White "Hammer, Jon Ludwig"]
[Black "Boensch, Uwe"]
[Result "1/2-1/2"]
[WhiteElo "2601"]
[BlackElo "2530"]
[PlyCount "108"]
[EventDate "2012.??.??"]

1. d4 Nf6 2. c4 e6 3. Nc3 d5 4. cxd5 exd5 5. Bg5 c6 6. e3 Be7 7. Bd3 Nbd7 8.
Nf3 O-O 9. Qc2 Re8 10. h3 Nf8 11. Bf4 Be6 12. O-O N6d7 13. Na4 Rc8 14. Nc5 Nxc5
15. dxc5 g6 16. a3 Bd7 17. b4 Ne6 18. Bh2 Ng5 19. Nd2 f5 20. Nb3 Bf6 21. Rae1
Qe7 22. f3 Qg7 23. Na5 b5 24. Nb7 Re6 25. Kh1 Rf8 26. Nd6 Qe7 27. Qf2 Bc3 28.
Rc1 Bg7 29. Bf4 Nf7 30. Qg3 Kh8 31. e4 fxe4 32. fxe4 dxe4 33. Bc2 Nxd6 34. Bxd6
Rxf1+ 35. Rxf1 Qe8 36. Bb3 Rf6 37. Re1 Rf5 38. Bc2 Be5 39. Bxe5+ Qxe5 40. Kh2
Rg5 41. Qxe5+ Rxe5 42. Kg3 Kg7 43. Kf4 Kf6 44. Ke3 Be6 45. Rf1+ Ke7 46. g4 Bd5
47. a4 a6 48. h4 h6 49. axb5 axb5 50. Kd4 Re6 51. Re1 Kf6 52. Bxe4 Rxe4+ 53.
Rxe4 Bxe4 54. Kxe4 g5 1/2-1/2

[Event "BL 1112 Werder Bremen - USV TU Dresden"]
[Site "?"]
[Date "2012.04.15"]
[Round "15.5"]
[White "Maiwald, Jens-Uwe"]
[Black "Hracek, Zbynek"]
[Result "1/2-1/2"]
[WhiteElo "2459"]
[BlackElo "2624"]
[PlyCount "47"]
[EventDate "2012.??.??"]

1. g3 d5 2. Bg2 c6 3. d3 Nf6 4. Nf3 Bg4 5. O-O Nbd7 6. Qe1 e5 7. h3 Bh5 8. e4
dxe4 9. dxe4 Be7 10. Nh4 O-O 11. Nf5 Bc5 12. Nd2 Re8 13. a4 Qc7 14. Nb3 Bf8 15.
a5 b5 16. axb6 axb6 17. Be3 c5 18. c4 Rxa1 19. Nxa1 Qc6 20. Nc2 b5 21. Na3 bxc4
22. Nxc4 Nb6 23. Nxb6 Qxb6 24. Qc3 1/2-1/2

[Event "BL 1112 Werder Bremen - USV TU Dresden"]
[Site "?"]
[Date "2012.04.15"]
[Round "15.7"]
[White "Gauglitz, Gernot"]
[Black "Babula, Vlastimil"]
[Result "1/2-1/2"]
[WhiteElo "2406"]
[BlackElo "2572"]
[PlyCount "95"]
[EventDate "2012.??.??"]

1. Nf3 Nf6 2. d4 e6 3. c4 Bb4+ 4. Bd2 a5 5. g3 c5 6. Bg2 Nc6 7. O-O cxd4 8.
Bxb4 axb4 9. Nxd4 d5 10. cxd5 exd5 11. e3 Qb6 12. Nd2 O-O 13. N2f3 Bg4 14. Qd3
Ra5 15. Rfc1 Rfa8 16. Nxc6 bxc6 17. Ne5 Bd7 18. e4 Be8 19. exd5 cxd5 20. Qb3
Ba4 21. Qe3 Qxe3 22. fxe3 Be8 23. Nd3 Rxa2 24. Rxa2 Rxa2 25. Rc8 Kf8 26. Bf3
Ke7 27. Rb8 Bd7 28. Nxb4 Ra5 29. Kf2 Rc5 30. Ke2 Bf5 31. Rb7+ Ke6 32. Kd1 Be4
33. Be2 h5 34. h3 Bf5 35. Nd3 Bxd3 36. Bxd3 Ne4 37. Bxe4 dxe4 38. Rb4 Ke5 39.
Rd4 Rc6 40. b4 Rg6 41. b5 Rxg3 42. b6 Rxe3 43. Kc2 Kxd4 44. b7 Re2+ 45. Kb3
Re3+ 46. Kc2 Re2+ 47. Kb3 Re3+ 48. Kc2 1/2-1/2

[Event "BL 1112 Werder Bremen - USV TU Dresden"]
[Site "?"]
[Date "2012.04.15"]
[Round "15.8"]
[White "Skripchenko, Almira"]
[Black "Hoffmann, Paul"]
[Result "1/2-1/2"]
[WhiteElo "2470"]
[BlackElo "2317"]
[PlyCount "59"]
[EventDate "2012.??.??"]

1. e4 e6 2. d4 d5 3. exd5 exd5 4. Nf3 Nf6 5. Bd3 Be7 6. h3 O-O 7. O-O Nc6 8. c3
Ne4 9. Bf4 Bf5 10. Qc2 g5 11. Bh2 Bg6 12. Ne5 Nxe5 13. Bxe5 Bd6 14. Nd2 Re8 15.
Rfe1 Bxe5 16. dxe5 Rxe5 17. f3 Qe7 18. fxe4 dxe4 19. Rxe4 Bxe4 20. Bxe4 Rd8 21.
Bf3 Re2 22. Bxe2 Qe3+ 23. Kh1 Rxd2 24. Qf5 Qxe2 25. Qxg5+ Kf8 26. Rg1 Rxb2 27.
Qd8+ Kg7 28. Qg5+ Kf8 29. Qd8+ Kg7 30. Qg5+ 1/2-1/2

[Event "BL 1112 Turm Emsdetten - SK König Tegel"]
[Site "?"]
[Date "2012.04.15"]
[Round "15.1"]
[White "Rabiega, Robert"]
[Black "Spoelman, Wouter"]
[Result "1/2-1/2"]
[WhiteElo "2501"]
[BlackElo "2563"]
[PlyCount "62"]
[EventDate "2012.??.??"]

1. e4 c5 2. Nf3 d6 3. Bc4 Nf6 4. d3 Nc6 5. c3 g6 6. O-O Bg7 7. Bb3 O-O 8. Re1
Bg4 9. Nbd2 d5 10. h3 Bxf3 11. Nxf3 dxe4 12. dxe4 Qxd1 13. Bxd1 Rfd8 14. Bg5 h6
15. Bxf6 Bxf6 16. Be2 e6 17. Rad1 Kf8 18. Kf1 Ke7 19. Rxd8 Rxd8 20. Rd1 Rxd1+
21. Bxd1 b5 22. Be2 c4 23. Ke1 Kd6 24. g3 Kc5 25. Nd2 g5 26. Kd1 Ne5 27. Kc2
Bd8 28. b3 Bb6 29. bxc4 bxc4 30. f4 gxf4 31. gxf4 Ng6 1/2-1/2

[Event "BL 1112 Turm Emsdetten - SK König Tegel"]
[Site "?"]
[Date "2012.04.15"]
[Round "15.2"]
[White "Swiercz, Dariusz"]
[Black "Stern, Rene"]
[Result "1-0"]
[WhiteElo "2585"]
[BlackElo "2506"]
[PlyCount "105"]
[EventDate "2012.??.??"]

1. e4 e5 2. Nf3 Nc6 3. Bb5 a6 4. Ba4 Nf6 5. O-O Be7 6. d3 d6 7. c3 Bg4 8. Nbd2
Nd7 9. h3 Bh5 10. b4 O-O 11. Re1 b5 12. Bb3 a5 13. Bd5 Ra6 14. bxa5 Nxa5 15. a4
bxa4 16. Qxa4 Nc5 17. Qc2 c6 18. Ba2 Bxf3 19. Nxf3 Nab3 20. Rb1 Nxc1 21. Rexc1
Qa8 22. Bc4 Ra4 23. Qe2 Nd7 24. d4 exd4 25. cxd4 Ra7 26. Qc2 Bf6 27. Bb3 Ra6
28. Re1 Be7 29. e5 dxe5 30. dxe5 Nc5 31. Bc4 Ra7 32. Nd4 Rd8 33. Nf5 Bf8 34.
Rbd1 Rad7 35. Rxd7 Rxd7 36. Qe2 Ne6 37. Qg4 g6 38. Bxe6 fxe6 39. Nd4 Re7 40.
Nxe6 Qa5 41. Re2 Qd5 42. Nxf8 Kxf8 43. Qe4 Kf7 44. f4 Ke6 45. Qe3 Rd7 46. f5+
gxf5 47. Qh6+ Ke7 48. Qf6+ Ke8 49. Qh8+ Ke7 50. Qxh7+ Kd8 51. Qxf5 Rf7 52. Qg5+
Kc7 53. Qe3 1-0

[Event "BL 1112 Turm Emsdetten - SK König Tegel"]
[Site "?"]
[Date "2012.04.15"]
[Round "15.3"]
[White "Richter, Michael"]
[Black "Grandelius, Nils"]
[Result "1/2-1/2"]
[WhiteElo "2484"]
[BlackElo "2536"]
[PlyCount "102"]
[EventDate "2012.??.??"]

1. d4 Nf6 2. c4 e6 3. Nf3 d5 4. Nc3 dxc4 5. e4 Bb4 6. Bg5 h6 7. Bxf6 Qxf6 8.
Bxc4 c5 9. O-O O-O 10. e5 Qd8 11. dxc5 Bxc3 12. Qxd8 Rxd8 13. bxc3 Nd7 14. Rfd1
Rf8 15. c6 bxc6 16. a4 Nb6 17. Bf1 Nd5 18. c4 Nb4 19. Nd2 Rd8 20. Ne4 Bd7 21.
Nc5 Be8 22. a5 Rxd1 23. Rxd1 Kf8 24. f4 Nc2 25. Rb1 g5 26. g3 Rd8 27. Bd3 Ne3
28. Re1 gxf4 29. gxf4 Nf5 30. Bxf5 exf5 31. Rb1 Kg7 32. Rb7 Rd1+ 33. Kf2 Rc1
34. Ne6+ Kg6 35. Nf8+ Kg7 36. Ne6+ Kg6 37. Nc7 Bd7 38. Rxa7 Rxc4 39. Kg3 Rc3+
40. Kf2 Rc4 41. Ke3 Re4+ 42. Kf3 Ra4 43. Ra8 c5 44. Ra6+ Kh5 45. h3 Bc8 46. Rb6
Rxa5 47. Ne8 Ra3+ 48. Kg2 Ra2+ 49. Kg3 Ra3+ 50. Kg2 Ra2+ 51. Kg3 Ra3+ 1/2-1/2

[Event "BL 1112 Turm Emsdetten - SK König Tegel"]
[Site "?"]
[Date "2012.04.15"]
[Round "15.4"]
[White "Hector, Jonny"]
[Black "Muse, Mladen"]
[Result "1-0"]
[WhiteElo "2575"]
[BlackElo "2443"]
[PlyCount "87"]
[EventDate "2012.??.??"]

1. e4 g6 2. d4 Bg7 3. Nc3 d6 4. f4 Nf6 5. Nf3 O-O 6. Be2 c5 7. dxc5 Qa5 8. O-O
Qxc5+ 9. Kh1 Nc6 10. Nd2 Qa5 11. Nc4 Qd8 12. Bf3 Nd7 13. Be3 Rb8 14. a4 Bxc3
15. bxc3 Na5 16. Nd2 b6 17. Be2 Bb7 18. Qe1 Rc8 19. Ra3 Rc7 20. Qh4 e5 21. Qh6
exf4 22. Rxf4 Ne5 23. Bd4 f6 24. Ra1 Qe7 25. Qh4 Qg7 26. Rf2 Rcf7 27. Be3 g5
28. Qg3 Qg6 29. Bd3 Qh5 30. Bd4 Bc8 31. Nf1 Qg4 32. Qe3 Qh4 33. Qe2 Bg4 34. Qe1
f5 35. Bxe5 dxe5 36. exf5 Bxf5 37. Rxf5 Rxf5 38. Bxf5 Rxf5 39. Ng3 Rf7 40. Qxe5
Qf4 41. Qe6 Qf6 42. Qd5 Nc6 43. Re1 Kh8 44. Re8+ 1-0

[Event "BL 1112 Turm Emsdetten - SK König Tegel"]
[Site "?"]
[Date "2012.04.15"]
[Round "15.5"]
[White "Von Herman, Ulf"]
[Black "Janssen, Ruud"]
[Result "1-0"]
[WhiteElo "2419"]
[BlackElo "2498"]
[PlyCount "117"]
[EventDate "2012.??.??"]

1. c4 Nf6 2. Nc3 e6 3. Nf3 d5 4. d4 Bb4 5. cxd5 exd5 6. Bg5 Nbd7 7. Qc2 c5 8.
dxc5 Qa5 9. Bd2 Bxc5 10. Ne4 Bb4 11. Nd6+ Ke7 12. Nf5+ Kf8 13. a3 Bxd2+ 14.
Nxd2 Ne5 15. Nd4 Bd7 16. e3 Rc8 17. Qb3 Nc6 18. Nxc6 bxc6 19. Qb4+ Qxb4 20.
axb4 Rc7 21. Nb3 Ke7 22. Nc5 Be6 23. Bd3 Nd7 24. Na6 Rb7 25. Kd2 Rc8 26. Rhc1
c5 27. Nxc5 Rxb4 28. Nxe6 Rxc1 29. Kxc1 fxe6 30. Rxa7 h6 31. Kc2 Kd6 32. Kc3
Rb8 33. Ra6+ Ke7 34. b4 Rc8+ 35. Kd4 Nb8 36. Ra7+ Kd6 37. Bb5 g5 38. f4 Nc6+
39. Bxc6 Rxc6 40. fxg5 Rc4+ 41. Kd3 hxg5 42. Rg7 Rxb4 43. Rxg5 e5 44. Rg8 e4+
45. Kc3 Rb1 46. h4 Rc1+ 47. Kd2 Rh1 48. g3 Ke6 49. Ke2 Rh2+ 50. Kf1 d4 51. exd4
Kd5 52. Rd8+ Kc4 53. d5 e3 54. Re8 Kd3 55. d6 Rf2+ 56. Kg1 Rf7 57. Re7 e2 58.
d7 Rf8 59. Re8 1-0

[Event "BL 1112 Turm Emsdetten - SK König Tegel"]
[Site "?"]
[Date "2012.04.15"]
[Round "15.6"]
[White "Pruijssers, Roeland"]
[Black "Breier, Andreas"]
[Result "1-0"]
[WhiteElo "2475"]
[BlackElo "2400"]
[PlyCount "71"]
[EventDate "2012.??.??"]

1. e4 c5 2. Nf3 d6 3. d4 cxd4 4. Nxd4 Nf6 5. Nc3 a6 6. Be3 e5 7. Nb3 Be6 8. Qd2
Nbd7 9. O-O-O b5 10. f4 Ng4 11. g3 Nxe3 12. Qxe3 Be7 13. Kb1 Qb6 14. Qe1 Nf6
15. Nd5 Nxd5 16. exd5 Bg4 17. Be2 Bxe2 18. Qxe2 Bf6 19. Nd2 g6 20. Rhf1 O-O 21.
f5 Rac8 22. Ne4 Bg7 23. g4 Rfd8 24. h4 Rc4 25. b3 Rd4 26. f6 Rxd1+ 27. Rxd1 Bh6
28. g5 Bf8 29. h5 Qb7 30. Qg4 gxh5 31. Qxh5 Qc8 32. Rf1 a5 33. Ng3 Qc3 34. Rh1
h6 35. Nf5 Rc8 36. Rc1 1-0

[Event "BL 1112 Turm Emsdetten - SK König Tegel"]
[Site "?"]
[Date "2012.04.15"]
[Round "15.7"]
[White "Muse, Drazen"]
[Black "Breder, Dennis"]
[Result "0-1"]
[WhiteElo "2388"]
[BlackElo "2430"]
[PlyCount "158"]
[EventDate "2012.??.??"]

1. d4 Nf6 2. Nf3 e6 3. e3 b6 4. Bd3 Bb7 5. O-O Be7 6. c4 O-O 7. Nc3 d5 8. b3 c5
9. cxd5 cxd4 10. Nxd4 Nxd5 11. Bb2 Nxc3 12. Bxc3 Bf6 13. Rc1 Nd7 14. Bb4 Bxd4
15. Bxf8 Qg5 16. g3 Qd5 17. e4 Qe5 18. Ba3 f5 19. Rc4 Nc5 20. Be2 Rd8 21. Bb2
Qxe4 22. Bf3 Bxf2+ 23. Kxf2 Rxd1 24. Bxe4 Nxe4+ 25. Ke3 Rxf1 26. Rc7 Bd5 27.
Rxg7+ Kf8 28. Rxa7 Ke8 29. Bd4 b5 30. Rxh7 Ng5 31. Ra7 Re1+ 32. Kf2 Re4 33. Bf6
Rg4 34. Ke3 Nf3 35. Rh7 Re4+ 36. Kd3 Ne1+ 37. Kd2 Nf3+ 38. Kd3 Re1 39. h4 Rc1
40. h5 Rh1 41. h6 Be4+ 42. Ke3 Nh2 43. Kf4 e5+ 44. Bxe5 Ng4 45. Rh8+ Kf7 46. h7
Kg6 47. Rg8+ Kxh7 48. Rh8+ Kg6 49. Rxh1 Bxh1 50. Bd6 Bc6 51. a4 bxa4 52. bxa4
Bxa4 53. Bb8 Bc6 54. Bc7 Nf6 55. Bd6 Nh5+ 56. Ke3 Kg5 57. Kf2 Kg4 58. Bc7 Nf6
59. Bb8 Ne4+ 60. Kg2 Nxg3+ 61. Kf2 f4 62. Ba7 Ne4+ 63. Kg2 f3+ 64. Kh2 Bb5 65.
Kg1 Bd3 66. Bb6 Bc4 67. Ba7 Kf5 68. Bb6 Ke6 69. Ba7 Bd3 70. Be3 Kd5 71. Ba7 Kc4
72. Be3 Kc3 73. Ba7 Kd2 74. Kh2 Bf1 75. Kg1 Ke2 76. Bb6 f2+ 77. Kh2 Kf3 78. Ba7
Bg2 79. Bxf2 Nxf2 0-1

[Event "BL 1112 Turm Emsdetten - SK König Tegel"]
[Site "?"]
[Date "2012.04.15"]
[Round "15.8"]
[White "Richter, Christian"]
[Black "Fruebing, Stefan"]
[Result "1/2-1/2"]
[WhiteElo "2374"]
[BlackElo "2373"]
[PlyCount "142"]
[EventDate "2012.??.??"]

1. d4 Nf6 2. Nf3 g6 3. g3 Bg7 4. Bg2 O-O 5. c4 d6 6. Nc3 Nc6 7. O-O a6 8. b3
Rb8 9. Nd5 Nh5 10. Bb2 e6 11. Ne3 f5 12. Qd2 Ne7 13. Rac1 h6 14. c5 Nf6 15.
cxd6 cxd6 16. Ba3 b5 17. Bb4 Ne4 18. Qe1 Bb7 19. Ba5 Qe8 20. Nd2 Nxd2 21. Qxd2
Bxg2 22. Nxg2 Rc8 23. Rxc8 Qxc8 24. Rc1 Qa8 25. Bc7 Nc6 26. e3 Rf7 27. Bxd6 Rd7
28. Bc5 Ne5 29. Ne1 Nf7 30. Qe2 g5 31. h3 Qd8 32. Qf3 Rd5 33. Bb4 a5 34. Bc5
Qf6 35. Bb6 g4 36. Qh1 Ng5 37. h4 Ne4 38. Bc7 b4 39. Qg2 Qe7 40. Bf4 e5 41.
Bxe5 Bxe5 42. dxe5 Rd2 43. Rc8+ Kg7 44. Qf1 Nxf2 45. Qc4 Nh3+ 46. Kh1 Qb7+ 47.
Rc6 Nf2+ 48. Kg1 Nh3+ 49. Kh1 Nf2+ 50. Kh2 Nd3+ 51. Kg1 Nxe1 52. Rc7+ Qxc7 53.
Qxc7+ Kf8 54. Qc5+ Ke8 55. Qc6+ Ke7 56. Qf6+ Ke8 57. Qg6+ Ke7 58. Qg7+ Ke8 59.
Qh8+ Ke7 60. Qf6+ Ke8 61. Qe6+ Kd8 62. Qb6+ Ke8 63. Qb8+ Ke7 64. Qc7+ Ke8 65.
Kf1 Nf3 66. Qc8+ Ke7 67. Qb7+ Ke8 68. e6 Rd1+ 69. Ke2 Rd2+ 70. Kf1 Rd1+ 71. Ke2
Rd2+ 1/2-1/2

[Event "BL 1112 Hamburger SK - SV Wattenscheid"]
[Site "?"]
[Date "2012.04.15"]
[Round "15.1"]
[White "Bogner, Sebastian"]
[Black "Kempinski, Robert"]
[Result "1/2-1/2"]
[WhiteElo "2534"]
[BlackElo "2604"]
[PlyCount "99"]
[EventDate "2012.??.??"]

1. d4 d5 2. c4 c6 3. cxd5 cxd5 4. Nc3 Nc6 5. Nf3 a6 6. Bf4 Nf6 7. Rc1 Bf5 8. e3
Rc8 9. Be2 e6 10. O-O Bd6 11. Bxd6 Qxd6 12. Na4 Nd7 13. Nc5 Nxc5 14. Rxc5 O-O
15. Qb3 Rc7 16. Rfc1 Bg4 17. Qb6 Bxf3 18. Bxf3 Rd7 19. Bd1 Nd8 20. Qb3 Nc6 21.
Qb6 Nd8 22. Qxd6 Rxd6 23. Ba4 Rb6 24. b3 g5 25. Rc7 Kg7 26. R1c5 e5 27. Bd7
exd4 28. exd4 Rd6 29. Kf1 b6 30. Rc3 h5 31. Re3 Kg6 32. Ke2 a5 33. g3 Ne6 34.
Bxe6 fxe6 35. Rec3 a4 36. b4 g4 37. b5 Kf5 38. Ra7 Ke4 39. Rxa4 Rf3 40. Rc7 Rd8
41. Rc6 Rf6 42. Ke1 Rdf8 43. Rc2 Kd3 44. Rd2+ Kc3 45. Ra6 Rb8 46. Ra7 Kc4 47.
Rh7 Rf5 48. Re7 Rf6 49. a4 Ra8 50. Rc7+ 1/2-1/2

[Event "BL 1112 Hamburger SK - SV Wattenscheid"]
[Site "?"]
[Date "2012.04.15"]
[Round "15.2"]
[White "Zherebukh, Yaroslaw"]
[Black "Appel, Ralf"]
[Result "1-0"]
[WhiteElo "2580"]
[BlackElo "2529"]
[PlyCount "79"]
[EventDate "2012.??.??"]

1. e4 g6 2. d4 Bg7 3. Nc3 c6 4. Nf3 d5 5. h3 dxe4 6. Nxe4 Nd7 7. Bc4 Ngf6 8.
Nxf6+ Nxf6 9. O-O O-O 10. Re1 Bf5 11. c3 Be4 12. Ng5 Bd5 13. Bd3 h6 14. Nf3 Nd7
15. Bf4 c5 16. dxc5 Nxc5 17. Bc2 e6 18. Ne5 b5 19. Qe2 Nd7 20. a4 a6 21. Nxd7
Qxd7 22. Be5 Qb7 23. Bxg7 Kxg7 24. Qe5+ Kg8 25. Qg3 Kg7 26. Rad1 Rac8 27. axb5
axb5 28. Rd4 Rc4 29. Red1 Rfc8 30. h4 h5 31. Qe5+ Kg8 32. Qg5 b4 33. Rxc4 Rxc4
34. Bb3 Rc5 35. c4 Bxc4 36. Qxc5 Bxb3 37. Rd8+ Kg7 38. Qd4+ e5 39. Qxe5+ f6 40.
Qd6 1-0

[Event "BL 1112 Hamburger SK - SV Wattenscheid"]
[Site "?"]
[Date "2012.04.15"]
[Round "15.3"]
[White "Holzke, Frank Dr"]
[Black "Ftacnik, Lubomir Dr"]
[Result "0-1"]
[WhiteElo "2506"]
[BlackElo "2570"]
[PlyCount "82"]
[EventDate "2012.??.??"]

1. Nf3 d5 2. d4 c6 3. c4 Nf6 4. Nc3 a6 5. a4 e6 6. Bg5 Be7 7. e3 a5 8. Bd3 Na6
9. O-O Nb4 10. Bb1 O-O 11. Na2 dxc4 12. Nxb4 axb4 13. Qc2 g6 14. Qxc4 Nd5 15.
Bxe7 Qxe7 16. Bd3 Ra5 17. Qc2 Bd7 18. b3 c5 19. Qb2 Nc3 20. Rfe1 Bc6 21. Ne5
Rd8 22. Bc4 cxd4 23. exd4 Rxd4 24. Nxc6 bxc6 25. Qc1 Qf6 26. Qe3 Kg7 27. Rac1
h5 28. Rc2 Re4 29. Qc1 Rae5 30. Rf1 Rxc4 31. bxc4 Ne2+ 32. Rxe2 Rxe2 33. a5 Qd4
34. a6 Ra2 35. Qb1 Qxc4 36. Rc1 Qe2 37. Rf1 c5 38. Qc1 c4 39. Qg5 b3 40. Qb5 b2
41. Qb6 Ra1 0-1

[Event "BL 1112 Hamburger SK - SV Wattenscheid"]
[Site "?"]
[Date "2012.04.15"]
[Round "15.4"]
[White "Rogozenco, Dorian"]
[Black "Handke, Florian"]
[Result "0-1"]
[WhiteElo "2552"]
[BlackElo "2518"]
[PlyCount "114"]
[EventDate "2012.??.??"]

1. d4 Nf6 2. c4 e6 3. Nf3 b6 4. g3 Ba6 5. Nbd2 c5 6. Bg2 Nc6 7. Ne5 Nxd4 8. e3
Nf5 9. Qa4 Qc8 10. Bxa8 Qxa8 11. e4 Bb7 12. f3 Nd4 13. Qd1 d6 14. Nd3 Be7 15.
O-O O-O 16. Nb3 Nc6 17. Bg5 h6 18. Bxf6 Bxf6 19. Qe2 Ba6 20. Rac1 d5 21. Nd2
dxc4 22. Nxc4 Bd4+ 23. Kg2 b5 24. Ne3 c4 25. Nf2 Qb7 26. Rfd1 Qb6 27. Re1 Qa5
28. a4 c3 29. bxc3 Bxc3 30. Red1 b4 31. Qa2 Qc5 32. Nf1 Bc4 33. Qb1 Ne5 34. f4
Bxf1+ 35. Kxf1 Nc4 36. Rd3 Qa5 37. Qc2 Nb6 38. Rxc3 bxc3 39. Qxc3 Qxa4 40. Ra1
Qb5+ 41. Qd3 Qxd3+ 42. Nxd3 Ra8 43. Ra6 Nd7 44. Ke2 Kf8 45. e5 Nb8 46. Rd6 Ke8
47. Nc5 a5 48. Kd3 a4 49. Kc3 a3 50. Rd1 Nc6 51. Ra1 g5 52. Ra2 gxf4 53. gxf4
Ra5 54. Nb7 Ra4 55. Nd6+ Kf8 56. Nc4 Na5 57. Nxa3 Nc4 0-1

[Event "BL 1112 Hamburger SK - SV Wattenscheid"]
[Site "?"]
[Date "2012.04.15"]
[Round "15.5"]
[White "Hirneise, Tobias"]
[Black "Heinemann, Thies"]
[Result "1/2-1/2"]
[WhiteElo "2446"]
[BlackElo "2469"]
[PlyCount "43"]
[EventDate "2012.??.??"]

1. e4 d6 2. d4 Nf6 3. Nc3 g6 4. f4 Bg7 5. Nf3 c5 6. dxc5 Qa5 7. Bd3 Qxc5 8. Qe2
Bg4 9. Be3 Qa5 10. O-O O-O 11. Qe1 Bxf3 12. Rxf3 Nc6 13. Kh1 Rac8 14. a3 d5 15.
e5 d4 16. exf6 Bxf6 17. Ne4 dxe3 18. Nxf6+ exf6 19. Qxe3 Rfe8 20. Qf2 Kg7 21.
Rf1 Re7 22. Re3 1/2-1/2

[Event "BL 1112 Schachfr. Berlin - Hansa Dortmu"]
[Site "?"]
[Date "2012.04.15"]
[Round "15.1"]
[White "Berg, Emanuel"]
[Black "Melkumyan, Hrant"]
[Result "1/2-1/2"]
[WhiteElo "2575"]
[BlackElo "2619"]
[PlyCount "80"]
[EventDate "2012.??.??"]

1. e4 e5 2. Nf3 Nc6 3. Bb5 Nf6 4. O-O Nxe4 5. d4 Nd6 6. Bxc6 dxc6 7. dxe5 Nf5
8. Qxd8+ Kxd8 9. h3 h5 10. Nc3 Ke8 11. Bf4 Be7 12. Rad1 Nh4 13. Nxh4 Bxh4 14.
Ne4 Be7 15. Rfe1 Bf5 16. Nd6+ cxd6 17. exd6 Be6 18. dxe7 Kxe7 19. Bd6+ Kf6 20.
Rd3 h4 21. g4 hxg3 22. Rf3+ Kg6 23. Rxg3+ Kh7 24. Be5 Rhg8 25. Re4 g5 26. Bf6
Bd5 27. Reg4 Rae8 28. Kf1 Be6 29. Rxg5 Rxg5 30. Bxg5 Bc4+ 31. Kg2 Bxa2 32. Be3
a5 33. h4 Re4 34. Rg5 Rxh4 35. Rxa5 Bd5+ 36. Kg3 Rb4 37. b3 b6 38. Ra6 Be4 39.
Rxb6 Rxb6 40. Bxb6 Bxc2 1/2-1/2